डायबिटीज़ और गठिया : (Record no. 169913)

MARC details
000 -LEADER
fixed length control field 01338nam a22002777a 4500
005 - DATE AND TIME OF LATEST TRANSACTION
control field 20191207164647.0
008 - FIXED-LENGTH DATA ELEMENTS--GENERAL INFORMATION
fixed length control field 180628b xxu||||| |||| 00| 0 eng d
010 ## - LCCN (DPL NO)
LC control number B-245076
020 ## - INTERNATIONAL STANDARD BOOK NUMBER
Terms of availability 200.00
International Standard Book Number 8188536199
035 ## - SYSTEM CONTROL NUMBER
System control number B-245076
037 ## - SOURCE OF ACQUISITION
Source of stock number/acquisition Cen Lib/Ret
040 ## - CATALOGING SOURCE
Original cataloging agency DPL
Language of cataloging HN
082 ## - DEWEY DECIMAL CLASSIFICATION NUMBER
Classification number 616.462
Item number चटर्जी
100 ## - MAIN ENTRY--PERSONAL NAME
Personal name चटर्जी, सुचित्रा वी.
9 (RLIN) 85688
245 ## - TITLE STATEMENT
Title डायबिटीज़ और गठिया :
Statement of responsibility, etc सुचित्रा वी.चटर्जी [और] मृदुला शर्मा
Remainder of title रोग और उपचार /
246 ## - VARYING FORM OF TITLE
Title proper/short title Diabetes aur gathiya : rog aur upchar /
Remainder of title by Suchitra V.Chaterjee [aur] Mridula Sharma
260 ## - PUBLICATION, DISTRIBUTION, ETC. (IMPRINT)
Place of publication, distribution, etc दिल्ली
Name of publisher, distributor, etc गुरुकुल विद्यापीठ प्रकाशन
Date of publication, distribution, etc 2008
270 ## - ADDRESS
Address सी-9/96, यमुना विहार
City दिल्ली
Postal code 110053
300 ## - PHYSICAL DESCRIPTION
Extent 144पृ. :
Dimensions 20सेमी(सजिल्द)
Other physical details सचित्र
650 ## - SUBJECT ADDED ENTRY--TOPICAL TERM
Topical term or geographic name as entry element मधुमेह -- उपचार
9 (RLIN) 95444
650 ## - SUBJECT ADDED ENTRY--TOPICAL TERM
Topical term or geographic name as entry element गठिया -- उपचार
9 (RLIN) 95445
650 ## - SUBJECT ADDED ENTRY--TOPICAL TERM
Topical term or geographic name as entry element Diabetes - Treatment
9 (RLIN) 91408
650 ## - SUBJECT ADDED ENTRY--TOPICAL TERM
Topical term or geographic name as entry element Arthritis - Treatment
9 (RLIN) 95446
700 ## - ADDED ENTRY--PERSONAL NAME
Personal name शर्मा, मृदुला
9 (RLIN) 95447
942 ## - ADDED ENTRY ELEMENTS (KOHA)
Source of classification or shelving scheme Dewey Decimal Classification
Item type Hindi Books
Classification part 616.462
Call number suffix चटर्जी
Holdings
Withdrawn status Lost status Source of classification or shelving scheme Damaged status Not for loan Collection code Home library Current library Date acquired Cost, normal purchase price Total Checkouts Total Renewals Full call number Barcode Date last seen Cost, replacement price Koha item type
    Dewey Decimal Classification     Non-fiction Sarojini Nagar Sarojini Nagar 07/12/2019 200.00 3 1 616.462 चटर्जी B-245076 27/06/2023 200.00 Hindi Books

© Delhi Public Library
Hit Counter
free hit counter